শেয়ারবাজার জিজ্ঞাসা / (Record no. 10769)
[ view plain ]
| 000 -LEADER | |
|---|---|
| fixed length control field | 00930nam a2200253 a 4500 |
| 001 - CONTROL NUMBER | |
| JCCL Control Number | 10769 |
| 003 - CONTROL NUMBER IDENTIFIER | |
| JCCL marc code | BD-JhCC |
| 005 - DATE AND TIME OF LATEST TRANSACTION | |
| control field | 20220214134020.0 |
| 008 - FIXED-LENGTH DATA ELEMENTS--GENERAL INFORMATION | |
| fixed length control field | 180908s20182005bg a|||| |||| 000 0 ben d |
| 020 ## - INTERNATIONAL STANDARD BOOK NUMBER | |
| International Standard Book Number | 9789843440686 |
| 035 ## - SYSTEM CONTROL NUMBER | |
| system control number | (BD-JhCC)10769 |
| 040 ## - CATALOGING SOURCE | |
| Original cataloging agency | BD-JhCC |
| Modifying agency | BD-JhCC |
| 041 ## - LANGUAGE CODE | |
| Language code of Book | ben |
| 082 ## - DEWEY DECIMAL CLASSIFICATION NUMBER | |
| Classification number | 332.642 |
| Author mark and Year | MOH 2018 |
| 100 ## - MAIN ENTRY--PERSONAL NAME | |
| Personal name | মহিউদ্দিন, মোহাম্মদ |
| 245 ## - TITLE STATEMENT | |
| Title | শেয়ারবাজার জিজ্ঞাসা / |
| Remainder of title | |
| Statement of responsibility, etc | মোহাম্মদ মহিউদ্দিন, |
| 260 ## - PUBLICATION, DISTRIBUTION, ETC. (IMPRINT) | |
| Place of publication, distribution, etc | ঢাকা : |
| Name of publisher, distributor, etc | আইসল্যান্ড সিকিউরিটিজ লিমিটেড, |
| Date of publication, distribution, etc | ২০১৮. |
| 300 ## - PHYSICAL DESCRIPTION | |
| Pagination | ৪১২ পৃ. : |
| Other physical details | চিত্রাবলী, |
| Dimensions | ২৩ সেমি. |
| 504 ## - BIBLIOGRAPHY, ETC. NOTE | |
| Bibliography, etc | Includes Index and Bibliography. |
| 650 ## - SUBJECT ADDED ENTRY--TOPICAL TERM | |
| Topical term or geographic name as entry element | Stock exchanges |
| 650 ## - SUBJECT ADDED ENTRY--TOPICAL TERM | |
| Topical term or geographic name as entry element | Portfolio management |
| 650 ## - SUBJECT ADDED ENTRY--TOPICAL TERM | |
| Topical term or geographic name as entry element | Investment analysis |
| 942 ## - ADDED ENTRY ELEMENTS (KOHA) | |
| Source of classification or shelving scheme | Dewey Decimal Classification |
| Koha item type | Books |
| Koha issues (borrowed), all copies | 2 |
| Source of classification or shelving scheme | Damaged status | Not for loan | Home library | Current library | Shelving location | Date of accession | Cost, normal purchase price | Total Checkouts | Full call number | Barcode | Date last seen | Date checked out | Copy number | Koha item type |
|---|---|---|---|---|---|---|---|---|---|---|---|---|---|---|
| Dewey Decimal Classification | JCC Rouf Library | JCC Rouf Library | General Stacks | 09/08/2018 | 500.00 | 1 | 332.642 MOH 2018 | 14593 | 08/31/2022 | 02/13/2022 | C-1 | Books | ||
| Dewey Decimal Classification | JCC Rouf Library | JCC Rouf Library | General Stacks | 09/08/2018 | 500.00 | 1 | 332.642 MOH 2018 | 14352 | 01/27/2024 | 11/29/2023 | C-2 | Books |